Who Scored The Goal? (Fenerbahçe 24/25) European Matches - Statistics

General Stats
  • This quiz has been taken 51 times
    19 since last reset
  • The average score is 27 of 48
Answer Stats
Matches Scorer % Correct
Lugano - Fenerbahçe45+1' 1-1 Edin Dzeko
100%
Lugano - Fenerbahçe46' 1-2 Edin Dzeko
100%
Lugano - Fenerbahçe67' 2-3 Edin Dzeko
88%
Fenerbahçe - Lugano59' 1-1 Edin Dzeko
88%
Slavia Prague - Fenerbahçe35' 1-1 Edin Dzeko
88%
Fenerbahçe - Anderlecht42' 2-0 Edin Dzeko
88%
Rangers - Fenerbahçe45' 0-1 Sebastian Szymanski
88%
Rangers - Fenerbahçe73' 0-2 Sebastian Szymanski
88%
Fenerbahçe - Manchester United49' 1-1 Youssef En-Nesyri
88%
AZ Alkmaar - Fenerbahçe70' 1-1 Youssef En-Nesyri
88%
Slavia Prague - Fenerbahçe85' 1-2 Youssef En-Nesyri
88%
Fenerbahçe - Anderlecht57' 3-0 Youssef En-Nesyri
88%
Fenerbahçe - Anderlecht11' 1-0 Dusan Tadic
75%
Fenerbahçe - Athletic Bilbao5' 0-1 Inaki Williams
75%
Lille - Fenerbahçe79' 1-1 İrfan Can Kahveci
75%
Fenerbahçe - Lille118' 1-1 Jonathan David
75%
Anderlecht - Fenerbahçe4' 0-1 Youssef En-Nesyri
75%
Fenerbahçe - Union Saint-Gilloise26' 1-0 Çağlar Söyüncü
63%
Twente - Fenerbahçe71' 1-1 Dusan Tadic
63%
Midtjylland - Fenerbahçe47' 1-2 Edin Dzeko
63%
Lugano - Fenerbahçe73' 2-4 Ferdi Kadıoğlu
63%
Fenerbahçe - Athletic Bilbao45' 0-2 Inaki Williams
63%
Fenerbahçe - Lugano90+3' 2-1 Sebastian Szymanski
63%
Fenerbahçe - Rangers42' 1-2 Vaclav Cerny
63%
Fenerbahçe - Rangers81' 1-3 Vaclav Cerny
63%
Midtjylland - Fenerbahçe39' 1-1 Youssef En-Nesyri
63%
Anderlecht - Fenerbahçe63' 2-2 Yusuf Akçiçek
63%
Fenerbahçe - Rangers30' 1-1 Alexander Djiku
50%
Fenerbahçe - Manchester United15' 0-1 Christian Eriksen
50%
Lille - Fenerbahçe90+1' 2-1 Edon Zhegrova
50%
Fenerbahçe - Lille90+1 1-0 Bafode Diakite (OG)
38%
Fenerbahçe - Union Saint-Gilloise82' 2-0 Christian Burgess (OG)
38%
Lille - Fenerbahçe12' 1-0 Jayden Oosterwolde (OG)
38%
AZ Alkmaar - Fenerbahçe75' 2-1 Kees Smit
38%
Lugano - Fenerbahçe4' 1-0 Ayman El Wafi
25%
Fenerbahçe - Lugano7' 0-1 Belhadj Mahmoud
25%
Fenerbahçe - Rangers6' 0-1 Cyriel Dessers
25%
AZ Alkmaar - Fenerbahçe87' 3-1 Denso Kasius
25%
Anderlecht - Fenerbahçe19' 1-1 Luis Vasquez
25%
Anderlecht - Fenerbahçe55' 2-1 Luis Vasquez
25%
Lugano - Fenerbahçe90+4' 3-4 Milton Valenzuela
25%
Midtjylland - Fenerbahçe27' 1-0 Ousmane Diao
25%
Fenerbahçe - Union Saint-Gilloise90+3' 2-1 Ross Sykes
25%
Slavia Prague - Fenerbahçe7' 1-0 Tomas Chory
25%
Midtjylland - Fenerbahçe86' 2-2 Byskov Andreasen
13%
Twente - Fenerbahçe28' 1-0 Michel Vlap
13%
AZ Alkmaar - Fenerbahçe59' 1-0 Ro-Zangelo Daal
13%
Lugano - Fenerbahçe64' 2-2 Uran Bislimi
13%
No matching quizzes found
Score Distribution
Percent of People with Each Score
Percentile by Number Answered
Your Score History
You have not taken this quiz since the last reset